00579nam a2200157Ia 4500008004100000082001900041100003000060245004300090260004200133300001000175630001800185650006500203942000900268952012900277999001500406211109s9999||||xx |||||||||||||| ||und|| a822.33 bSMI-S aSmith And, D Nichol Edr,  0aShakespeare Criticism A Selection, W C bOxford University PressaBombayc1923 a413p. xGeneral Stack aEnglish & Old English literaturesvEnglish DramaxLiterature cBOOK 00104070aSBCLbSBCLc2d2021-11-09g100.00l1o822.33 SMI-Sp00002070r2023-10-10 00:00:00s2023-10-10w2021-11-09yBOOK c1908d1908